Подробности
| 000 -МАРКЕР |
| контрольное поле |
03708nam2a2200325 4500 |
| 001 - ИДЕНТИФИКАТОР ЗАПИСИ |
| контрольное поле |
RU\NLR\BIBL_A\012859538 |
| 005 - ИДЕНТИФИКАТОР ВЕРСИИ |
| контрольное поле |
20220923122143.0 |
| 010 ## - МЕЖДУНАРОДНЫЙ СТАНДАРТНЫЙ НОМЕР КНИГИ (ISBN) |
| Номер (ISBN) |
978-5-361-00920-6 |
| Тираж |
300 |
| 021 ## - НОМЕР ГОСУДАРСТВЕННОЙ РЕГИСТРАЦИИ |
| Код страны |
Российская Федерация |
| Номер |
КН-П-22-034674 |
| Номер Листа государственной регистраци |
КН-П-22-2975 |
| 035 ## - ДРУГИЕ СИСТЕМНЫЕ НОМЕРА |
| Идентификатор записи |
(NLR Aleph) 012859538 |
| 100 ## - ДАННЫЕ ОБЩЕЙ ОБРАБОТКИ |
| Данные общей обработки |
20220804d2021 k y0rusy50 ca |
| 101 0# - ЯЗЫК РЕСУРСА |
| Язык текста, звукозаписи и т.д. |
русский |
| 102 ## - СТРАНА ПУБЛИКАЦИИ ИЛИ ПРОИЗВОДСТВА |
| Страна публикации |
Российская Федерация |
| 105 ## - ПОЛЕ КОДИРОВАННЫХ ДАННЫХ: ТЕКСТОВЫЕ МАТЕРИАЛЫ, МОНОГРАФИЧЕСКИЕ |
| Кодированные данные о монографическом текстовом документе |
a|||z|||100zy |
| 200 1# - ЗАГЛАВИЕ И СВЕДЕНИЯ ОБ ОТВЕТСТВЕННОСТИ |
| Основное заглавие |
Междисциплинарные исследования проблем и тенденций цифровизации общества |
| Сведения, относящиеся к заглавию |
материалы национальной научно-практической конференции с международным участием (Белгород, 24-25 июня 2021 года) |
| -- |
пленарные доклады |
| Наименование части |
секции: Цифровая экономика в России, менеджмент и маркетинг: современные тенденции и технологии; Философские и социально-гуманитарные исследования проблем и тенденций цифровизации общества; Информационное взаимодействие в системе публичной политики; Институциональные проблемы цифровизации общества |
| Первые сведения об ответственности |
Министерство науки и высшего образования Российской Федерации, Федеральное государственное бюджетное образовательное учреждение высшего образования Белгородский государственный технологический университет им. В. Г. Шухова, Белгородское региональное отделение Российской академии естественных наук |
| Последующие сведения об ответственности |
[составители: Лукша Инесса Михайловна и др.] |
| -- |
науч. ред.: д-р экон. наук, проф. Е. Н. Чижова |
| 210 ## - ПУБЛИКАЦИЯ, РАСПРОСТРАНЕНИЕ И ДР. |
| Место издания, распространения и т.д. |
Белгород |
| Имя издателя, распространителя и т. д. |
Изд-во БГТУ |
| Дата издания, распространения и т.д. |
2021 |
| 215 ## - ФИЗИЧЕСКАЯ ХАРАКТЕРИСТИКА |
| Специфическое обозначение материала и объем |
405 с. |
| Другие сведения о физической характеристике |
ил. |
| 320 ## - ПРИМЕЧАНИЯ О НАЛИЧИИ В ДОКУМЕНТЕ БИБЛИОГРАФИИ / УКАЗАТЕЛЯ |
| Текст примечания |
Библиогр. в конце ст. |
| 461 #0 - УРОВЕНЬ НАБОРА |
| Встроенное поле |
001RU\NLR\bibl\322057 |
| -- |
2001#$aЭкономика. Общество. Человек$e[Сб. науч. тр.]$fМ-во образования Рос. Федерации, Белгор. гос. технол. акад. строит. материалов, Каф. экон. теории и др.$g[Под общ. науч. ред. д.э.н., проф. Галкина Л.Г.]$vВып. 40 |
| Системный номер (АБИС) связанной записи |
73724 |
| Место публикации |
Белгород |
| Дата публикации |
2002 |
| Первые сведения об ответственности |
М-во образования Рос. Федерации, Белгор. гос. технол. акад. строит. материалов, Каф. экон. теории и др. |
| Имя издателя, распространителя и т.д. |
Белаудит |
| Сведения, относящиеся к заглавию |
[сб. науч. тр.] |
| Заглавие |
Экономика. Общество. Человек |
| Номер тома |
Вып. 40 |
| 606 1# - НАИМЕНОВАНИЕ ТЕМЫ КАК ПРЕДМЕТ |
| Наименование темы |
Общество |
| Формальный подзаголовок |
Сборники |
| Тематический подзаголовок |
Информатизация |
| Системный номер авторитетной/нормативной записи |
2097006 |
| Идентификатор авторитетной/нормативной записи |
RU\NLR\AUTH\661268693 |
| 686 1# - ИНДЕКСЫ ДРУГИХ КЛАССИФИКАЦИЙ |
| Индекс |
С550.10я43 |
| 686 1# - ИНДЕКСЫ ДРУГИХ КЛАССИФИКАЦИЙ |
| Индекс |
С550.57я43 |
| 702 #1 - ИМЯ ЛИЦА - ВТОРИЧНАЯ ОТВЕТСТВЕННОСТЬ |
| Начальный элемент ввода |
Лукша |
| Часть имени, кроме начального элемента ввода |
И. М. |
| Расширение инициалов личного имени |
Инесса Михайловна |
| Код отношения |
Редактор |
| 711 12 - НАИМЕНОВАНИЕ ОРГАНИЗАЦИИ - АЛЬТЕРНАТИВНАЯ ОТВЕТСТВЕННОСТЬ |
| Начальный элемент ввода |
"Междисциплинарные исследования проблем и тенденций цифровизации общества", национальная научно-практическая конференция с международным участием |
| Место проведения временной организации |
Белгород |
| Дата проведения временной организации |
2021 |
| Системный номер авторитетной/нормативной записи |
805840 |
| Идентификатор авторитетной/нормативной записи |
RU\NLR\AUTH\880569743 |
| 942 ## - ДОПОЛНИТЕЛЬНЫЕ ЭЛЕМЕНТЫ ЗАПИСИ (АБИС) |
| Тип экземпляра АБИС |
Книга |
| 980 ## - КОЛЛЕКЦИЯ |
| Название коллекции |
Национальная библиография |